000 00714nam a2200277Ia 4500
001 Z_3754
003 CHAP
008 220113s1983 xx 000 0 und d
010 _a166834
040 _cCHAP
090 _aFolleto 489
100 _aRivas García, Armando E
_9140935
245 _aBovinos especializados en producción de carne : reproducción /
_cpor Armando E Rivas García
260 _aChapingo, Méx. :
_bUACH. Departamento de Zootecnia,
_c1983
300 _a21 h.
440 _a
500 _a
503 _a
650 _aBovinos de carne
_xReproducción I. t.
_9140961
901 _aFolleto 489
902 _aA
910 _a1983
942 _cc14
942 _cc14
999 _c166834
_d166834